NTIA TELECOM 2000 , CHARTING THE COURSE FOR A NEW CENTURY (Record no. 571573)

000 -LEADER
fixed length control field 00250nam a22000977a 4500
082 ## - DEWEY DECIMAL CLASSIFICATION NUMBER
Classification number 621.382 NTI'A
245 ## - TITLE STATEMENT
Title NTIA TELECOM 2000 , CHARTING THE COURSE FOR A NEW CENTURY
260 ## - PUBLICATION, DISTRIBUTION, ETC.
Place of publication, distribution, etc. WASHINGTON
Name of publisher, distributor, etc. USA DEPARTMENT
Date of publication, distribution, etc. 1988
300 ## - PHYSICAL DESCRIPTION
Extent 672P
942 ## - ADDED ENTRY ELEMENTS (KOHA)
Koha item type Book
Holdings
Withdrawn status Lost status Damaged status Not for loan Permanent Location Current Location Shelving location Date acquired Total Checkouts Full call number Barcode Date last seen Price effective from Koha item type
        College of Electrical & Mechanical Engineering (CEME) College of Electrical & Mechanical Engineering (CEME) General Stacks 07/24/2017   621.382 NTI'A CEME-25972 06/28/2021 06/28/2021 Book
© 2023 Central Library, National University of Sciences and Technology. All Rights Reserved.